[Event "LJEM M-V 2023 u12"]
[Site "Fleether Mühle"]
[Date "2023.02.04"]
[Round "1.1"]
[White "Lott, Konstantin"]
[Black "Vakeel, Eshwar"]
[Result "1/2-1/2"]
[WhiteElo "873"]
[BlackElo "1291"]
[PlyCount "105"]
[EventDate "2023.??.??"]
[WhiteTeam "Think Rochade - SC HRO"]
[BlackTeam "SSC Rostock 07"]

1. e4 e5 2. Nf3 Nc6 3. Bc4 Nf6 4. Nc3 Bc5 5. d3 d6 6. h3 Be6 7. Bg5 h6 8. Bh4 g5 9. Bg3 Qe7 10. Bb3 O-O-O 11. Nd5 Bxd5 12. exd5 Nb4 13. a3 Nbxd5 14. O-O Nf4 15. Qe1 Rhe8 16. Qd2 N6h5 17. Kh2 Nxg3 18. fxg3 Nh5 19. Rae1 Nf6 20. d4 Bb6 21. dxe5 dxe5 22. Rxe5 Qd7 23. Qe2 g4 24. Nh4 Rxe5 25. Qxe5 Bd4 26. Qe2 Bxb2 27. Ng6 Re8 28. Qc4 fxg6 29. Ba4 c6 30. c3 Nh5 31. Qb3 Qd2 32. hxg4 Ng7 33. Qf7 Bxc3 34. Qxg6 Qd5 35. Qc2 b5 36. Qxc3 bxa4 37. Qxg7 Qe5 38. Qxh6 Rh8 39. Rf8+ Rxf8 40. Qxf8+ Kb7 41. Qf7+ Qc7 42. Qc4 Qh7+ 43. Kg1 Qb1+ 44. Kh2 Qb3 45. Qc1 Kb6 46. g5 c5 47. g6 c4 48. g7 c3 49. g8=Q Qxg8 50. Qxc3 Qh7+ 51. Kg1 Qb1+ 52. Kh2 Qb3 53. Qf6+ 1/2-1/2

[Event "LJEM M-V 2023 u12"]
[Site "Fleether Mühle"]
[Date "2023.02.04"]
[Round "1.2"]
[White "Schröder, Hannes Artur"]
[Black "Volkmann, Liliera"]
[Result "1-0"]
[WhiteElo "1290"]
[BlackElo "844"]
[PlyCount "49"]
[EventDate "2023.??.??"]
[WhiteTeam "SG Eintracht Neubrandenburg"]
[BlackTeam "TuS Makkabi Rostock"]

1. e4 e5 2. Nf3 Nc6 3. Bc4 Bc5 4. d3 f6 5. Nc3 Nge7 6. a3 d6 7. Na4 Nd4 8. Nxc5 dxc5 9. h3 Bd7 10. Be3 Ba4 11. Bb3 Qd7 12. Bxa4 Qxa4 13. c3 Nc2+ 14. Kd2 Qa6 15. Qxc2 O-O-O 16. Ke2 c4 17. d4 exd4 18. Bxd4 Nc6 19. Rhd1 h5 20. Kf1 g5 21. Bxf6 Rxd1+ 22. Rxd1 Rg8 23. Bxg5 Rg6 24. e5 Nxe5 25. Rd8# 1-0

[Event "LJEM M-V 2023 u12"]
[Site "Fleether Mühle"]
[Date "2023.02.04"]
[Round "1.3"]
[White "Isaiev, Andrii"]
[Black "Gavrylyuk, Oleksandr"]
[Result "0-1"]
[WhiteElo "796"]
[BlackElo "1226"]
[PlyCount "120"]
[EventDate "2023.??.??"]
[WhiteTeam "TuS Makkabi Rostock"]
[BlackTeam "TuS Makkabi Rostock"]

1. e4 c5 2. Nc3 Nc6 3. g3 g6 4. Bg2 Bg7 5. f4 d6 6. d3 Nf6 7. Nf3 O-O 8. O-O Bd7 9. Ne2 b5 10. Be3 Ng4 11. Qd2 Nxe3 12. Qxe3 Bxb2 13. Rab1 Bg7 14. h3 Nb4 15. c3 Nc6 16. a3 a5 17. Qd2 b4 18. cxb4 axb4 19. axb4 Nxb4 20. Nc1 Nc6 21. Ne2 Qa5 22. Qxa5 Rxa5 23. h4 Rfa8 24. Nc1 Ra1 25. Nd2 Bd4+ 26. Kh2 Rxb1 27. Nxb1 Ra1 28. Nb3 Ra6 29. Nxd4 Nxd4 30. Rf2 Rb6 31. Nd2 Rb2 32. Kg1 Be6 33. Nc4 Rxf2 34. Kxf2 Bxc4 35. dxc4 h5 36. Bh3 Kf8 37. Ke3 Ke8 38. Kd3 Kd8 39. g4 Kc7 40. g5 Kc6 41. Bg2 Kb6 42. e5 dxe5 43. fxe5 e6 44. Be4 Nf5 45. Bxf5 gxf5 46. Kc3 Ka5 47. Kb3 f4 48. Kc3 f3 49. Kd2 Kb4 50. Ke3 Kxc4 51. Kxf3 Kd3 52. Kf4 c4 53. Kf3 c3 54. Kf2 c2 55. Ke1 c1=Q+ 56. Kf2 Qf4+ 57. Kg2 Ke2 58. g6 Qg4+ 59. Kh2 Kf2 60. g7 Qg2# 0-1

[Event "LJEM M-V 2023 u12"]
[Site "Fleether Mühle"]
[Date "2023.02.04"]
[Round "1.4"]
[White "Wilke, Ronja"]
[Black "Martinez, Gabriel"]
[Result "1-0"]
[WhiteElo "1193"]
[BlackElo "793"]
[PlyCount "65"]
[EventDate "2023.??.??"]
[WhiteTeam "SAV Torgelow-Drögeheide 90"]
[BlackTeam "Think Rochade - SC HRO"]

1. e4 e5 2. Nf3 Nc6 3. Bc4 Bc5 4. c3 Nf6 5. d4 Bd6 6. dxe5 Bxe5 7. Bb5 d6 8. Nxe5 dxe5 9. Qxd8+ Kxd8 10. O-O Nxe4 11. Rd1+ Ke7 12. Be3 Bg4 13. f3 a6 14. Bxc6 bxc6 15. fxg4 Rab8 16. Nd2 Nxd2 17. Rxd2 Rhf8 18. Bc5+ Ke6 19. Bxf8 Rxf8 20. Rf1 e4 21. c4 Rb8 22. b3 Ke5 23. Rf5+ Ke6 24. Re2 g6 25. Rxe4+ Kd6 26. c5+ Kd7 27. Rxf7+ Kc8 28. Ree7 Kd8 29. Rxh7 Rb5 30. Reg7 Kc8 31. Rxc7+ Kd8 32. Ra7 Kc8 33. Rh8# 1-0

[Event "LJEM M-V 2023 u12"]
[Site "Fleether Mühle"]
[Date "2023.02.04"]
[Round "1.5"]
[White "Jaap, Leo"]
[Black "Briese, Sophie"]
[Result "1-0"]
[WhiteElo "790"]
[BlackElo "1050"]
[PlyCount "89"]
[EventDate "2023.??.??"]
[WhiteTeam "Greifswalder SV"]
[BlackTeam "SAV Torgelow-Drögeheide 90"]

1. e4 e5 2. Nf3 Nc6 3. Bc4 Bc5 4. Nc3 Nf6 5. d3 d6 6. Nd5 Nxd5 7. Bxd5 O-O 8. Bxc6 bxc6 9. O-O Qf6 10. Qd2 Qg6 11. Qg5 Bg4 12. Qxg6 fxg6 13. Ng5 h6 14. h3 Bd7 15. Nf3 Rab8 16. Rb1 d5 17. Bd2 Bd6 18. Be3 Rb7 19. b3 g5 20. h4 gxh4 21. Nxh4 g5 22. Nf3 Bg4 23. Nh2 Be6 24. f3 c5 25. Ng4 Bxg4 26. fxg4 Rxf1+ 27. Rxf1 d4 28. Bd2 Rb8 29. Rf6 Kg7 30. Rf3 Rf8 31. Rxf8 Kxf8 32. c3 Kg7 33. cxd4 cxd4 34. b4 c5 35. b5 Kg6 36. Ba5 h5 37. gxh5+ Kxh5 38. Kh2 Kg4 39. Bd8 Bf8 40. Bf6 Kf4 41. Kg1 Bh6 42. Kf2 Bf8 43. Bd8 Bd6 44. g3+ Kg4 45. a4 1-0

[Event "LJEM M-V 2023 u12"]
[Site "Fleether Mühle"]
[Date "2023.02.04"]
[Round "1.6"]
[White "Wetzig, Karl Anton"]
[Black "Stigge, Jakob"]
[Result "1-0"]
[WhiteElo "936"]
[BlackElo "786"]
[PlyCount "29"]
[EventDate "2023.??.??"]
[WhiteTeam "SF Schwerin"]
[BlackTeam "SSC Rostock 07"]

1. e4 e5 2. Nf3 Nc6 3. Bc4 Bc5 4. Nc3 Nf6 5. d3 h6 6. O-O O-O 7. Nh4 d6 8. Qf3 Bg4 9. Qg3 Nd4 10. h3 Ne2+ 11. Nxe2 Bxe2 12. Kh1 Bxf1 13. Bxh6 g6 14. Qxg6+ Kh8 15. Qg7# 1-0

[Event "LJEM M-V 2023 u12"]
[Site "Fleether Mühle"]
[Date "2023.02.04"]
[Round "1.7"]
[White "Schmechel, Arthur"]
[Black "Subocz, Barbara"]
[Result "0-1"]
[WhiteElo "764"]
[BlackElo "900"]
[PlyCount "90"]
[EventDate "2023.??.??"]
[WhiteTeam "SG Güstrow/Teterow"]
[BlackTeam "SAV Torgelow-Drögeheide 90"]

1. e4 c5 2. Nc3 d6 3. Bb5+ Bd7 4. d3 Nf6 5. Nf3 g6 6. O-O Bg7 7. Bd2 O-O 8. Re1 a6 9. Bxd7 Qxd7 10. e5 dxe5 11. Nxe5 Qd6 12. h3 Nh5 13. Ne4 Qxe5 14. Bc3 Qd6 15. Nxd6 exd6 16. Bd2 b5 17. Qf3 Nd7 18. Qc6 Ne5 19. Qxd6 Rfd8 20. Qxc5 Rdc8 21. Qe3 Rxc2 22. Qe4 Rd8 23. Ba5 Rdc8 24. Rac1 Rxc1 25. Rxc1 Rxc1+ 26. Be1 Nd7 27. d4 Ndf6 28. Qa8+ Bf8 29. Kf1 Kg7 30. Ke2 Nf4+ 31. Kd2 Rc7 32. Ke3 N6d5+ 33. Ke4 Re7+ 34. Kf3 Rxe1 35. Qxa6 Nc7 36. Qa5 Re7 37. Kxf4 Nd5+ 38. Kf3 Rd7 39. Qxb5 Nf6 40. Qb6 Nd5 41. Qb5 Nf6 42. Qe5 Rd5 43. Qf4 Rf5 44. d5 Nxd5 45. Ke4 Nxf4 0-1

[Event "LJEM M-V 2023 u12"]
[Site "Fleether Mühle"]
[Date "2023.02.04"]
[Round "1.8"]
[White "Jakobi, Paul Leonhard"]
[Black "Hampe, Adrian"]
[Result "1-0"]
[WhiteElo "888"]
[BlackElo "763"]
[PlyCount "83"]
[EventDate "2023.??.??"]
[WhiteTeam "SF Schwerin"]
[BlackTeam "Lok Gymnas Pritzwalk"]

1. e4 e5 2. Nf3 Nc6 3. Bc4 Bc5 4. c3 Nf6 5. d3 d5 6. exd5 Nxd5 7. d4 exd4 8. cxd4 Bxd4 9. Nxd4 Nxd4 10. Qxd4 Be6 11. O-O O-O 12. Nc3 c6 13. Re1 a6 14. Bf4 b5 15. Nxd5 cxd5 16. Bb3 a5 17. Rad1 a4 18. Bxd5 Bxd5 19. Qxd5 Qxd5 20. Rxd5 Rfe8 21. Rxe8+ Rxe8 22. h3 g6 23. Bg5 Re2 24. Bh6 f6 25. Rxb5 Re1+ 26. Kh2 Re4 27. Rb8+ Kf7 28. b4 Ke7 29. b5 Kd7 30. g3 Kc7 31. Rf8 f5 32. Rf6 Rb4 33. Ra6 Kb7 34. Ra5 Kb6 35. Ra8 Rxb5 36. Rxa4 Rb2 37. Ra3 Rxf2+ 38. Kg1 Rb2 39. Rb3+ Rxb3 40. axb3 Kb5 41. Bd2 h5 42. h4 1-0

[Event "LJEM M-V 2023 u12"]
[Site "Fleether Mühle"]
[Date "2023.02.04"]
[Round "1.9"]
[White "Lieb, Attila"]
[Black "Lange, Friedrich"]
[Result "1/2-1/2"]
[WhiteElo "748"]
[BlackElo "883"]
[PlyCount "124"]
[EventDate "2023.??.??"]
[WhiteTeam "ESV 1888 Wittenberge"]
[BlackTeam "TSG Neustrelitz"]

1. d4 f5 2. Nf3 Nf6 3. Bf4 b6 4. c3 Bb7 5. e3 Nc6 6. Be2 e6 7. Nbd2 Be7 8. O-O O-O 9. h3 d6 10. Qc2 h6 11. c4 Ba6 12. b4 Nxb4 13. Qb2 d5 14. Ne5 Qe8 15. a3 Nc6 16. Nxc6 Qxc6 17. Rac1 Ne4 18. Nxe4 dxe4 19. Rc2 Qa4 20. Ra1 Qd7 21. c5 Bxe2 22. c6 Qd5 23. Rxe2 Qxc6 24. Rc2 Qd7 25. Rxc7 Qd8 26. Qb3 Kf7 27. Qb4 Re8 28. Bd6 Rc8 29. Rxe7+ Rxe7 30. Bxe7 Qxe7 31. Qxe7+ Kxe7 32. a4 Kd6 33. a5 e5 34. dxe5+ Kxe5 35. axb6 axb6 36. Rb1 Rb8 37. Rb5+ Kf6 38. f4 g5 39. fxg5+ hxg5 40. g4 f4 41. exf4 gxf4 42. Kg2 f3+ 43. Kg3 e3 44. Kxf3 Re8 45. Rxb6+ Kf7 46. Rb2 Kg6 47. Re2 Rh8 48. Rxe3 Rxh3+ 49. Kf4 Rh2 50. Re6+ Kf7 51. Kg3 Rh1 52. Re4 Kg6 53. Kf4 Rf1+ 54. Kg3 Kg5 55. Re5+ Kf6 56. Ra5 Rg1+ 57. Kh3 Kg6 58. Ra8 Kg5 59. Rb8 Kf4 60. Kh2 Rxg4 61. Rb4+ Kg5 62. Rxg4+ Kxg4 1/2-1/2

[Event "LJEM M-V 2023 u12"]
[Site "Fleether Mühle"]
[Date "2023.02.04"]
[Round "1.10"]
[White "Brandauer, Pia Marie"]
[Black "Ludwig, Theo Lennard"]
[Result "1-0"]
[WhiteElo "880"]
[BlackElo "746"]
[PlyCount "55"]
[EventDate "2023.??.??"]
[WhiteTeam "SAV Torgelow-Drögeheide 90"]
[BlackTeam "SV Grün-Weiß 90 Anklam"]

1. e4 e5 2. Nf3 Nc6 3. d4 Nf6 4. d5 Nb4 5. Nc3 c6 6. Nxe5 Qe7 7. Bf4 d6 8. Nd3 Nxd3+ 9. Qxd3 Bf5 10. f3 b5 11. O-O-O Nh5 12. Bg3 Nxg3 13. hxg3 Qe5 14. exf5 Be7 15. f4 Qf6 16. Re1 b4 17. Ne4 Qh6 18. Rxh6 gxh6 19. dxc6 Rc8 20. Nxd6+ Kd8 21. Nxc8+ Kxc8 22. Qd7+ Kb8 23. Qxe7 h5 24. Ba6 b3 25. c7+ Ka8 26. c8=R+ Rxc8 27. Bxc8 bxa2 28. Qb7# 1-0

[Event "LJEM M-V 2023 u12"]
[Site "Fleether Mühle"]
[Date "2023.02.05"]
[Round "2.1"]
[White "Subocz, Barbara"]
[Black "Schröder, Hannes Artur"]
[Result "0-1"]
[WhiteElo "900"]
[BlackElo "1290"]
[EventDate "2023.??.??"]
[PlyCount "82"]
[WhiteTeam "SAV Torgelow-Drögeheide 90"]
[BlackTeam "SG Eintracht Neubrandenburg"]

1.e4 e5 2.f4 exf4 3.Nf3 Nc6 4.d4 Nf6 5.Nc3 Bb4 6.Bd3 d6 7.Bxf4 Bg4 8.h3 
Bxf3 9.Qxf3 Nxd4 10.Qd1 O-O 11.O-O Re8 12.Na4 Nc6 13.c3 Ba5 14.Qe1 Nxe4 
15.Bxe4 d5 16.Bxh7+ Kxh7 17.Qd1 Kg8 18.Qg4 Ne5 19.Qh5 Ng6 20.Bd2 Rf8 21.
Bc1 Qd6 22.c4 Bb6+ 23.Nxb6 Qxb6+ 24.Kh1 dxc4 25.Qg4 Qa6 26.Bd2 Rad8 27.Bb4
Rfe8 28.b3 cxb3 29.axb3 Qb6 30.Qc4 Ne5 31.Qc3 Rd3 32.Qc5 Qxc5 33.Bxc5 Rxb3
34.Rxa7 Nc6 35.Raa1 b6 36.Bf2 Nb4 37.Bg3 Rxg3 38.Rab1 c5 39.Ra1 b5 40.Ra5 
Rb8 41.Rf5 Rc3 0-1

[Event "LJEM M-V 2023 u12"]
[Site "Fleether Mühle"]
[Date "2023.02.05"]
[Round "2.2"]
[White "Gavrylyuk, Oleksandr"]
[Black "Jakobi, Paul Leonhard"]
[Result "1-0"]
[WhiteElo "1226"]
[BlackElo "888"]
[Time "08:30:00"]
[WhiteTeam "TuS Makkabi Rostock"]
[BlackTeam "SF Schwerin"]

1.e4 e5 2.Nf3 Nc6 3.Bb5 a6 4.Ba4 Nf6 5.O-O Bc5 6.c3 d6 7.d4 Bb6 8.d5 Bd7 
9.dxc6 Bxc6 10.Bxc6+ bxc6 11.Re1 O-O 12.Be3 Bxe3 13.Rxe3 Qb8 14.Qc2 Qb6 
15.Nbd2 Rab8 16.b3 Rfe8 17.c4 Qc5 18.h3 Rbd8 19.Qc3 h6 20.b4 Qb6 21.c5 
dxc5 22.bxc5 Qb5 23.Qc4 Qb7 24.Rb1 Qa7 25.Reb3 Nd7 26.Rc3 Rb8 27.Rxb8 Qxb8
28.Qxa6 Qb2 29.Qd3 Nf6 30.Qc2 Qa1+ 31.Kh2 Ra8 32.Qd3 Qxa2 33.Nxe5 Qe6 34.
Nef3 Re8 35.Qc2 Nxe4 36.Re3 Qf5 37.Rxe4 Rxe4 38.Qxe4 Qxc5 39.Qd4 Qe7 40.
Ne5 Qe6 41.Ndf3 Kh7 42.Qe4+ f5 43.Qxc6 1-0

[Event "LJEM M-V 2023 u12"]
[Site "Fleether Mühle"]
[Date "2023.02.05"]
[Round "2.3"]
[White "Brandauer, Pia Marie"]
[Black "Wilke, Ronja"]
[Result "0-1"]
[WhiteElo "880"]
[BlackElo "1193"]
[Time "08:30:00"]
[WhiteTeam "SAV Torgelow-Drögeheide 90"]
[BlackTeam "SAV Torgelow-Drögeheide 90"]

1.e4 c6 2.d4 d5 3.e5 Bf5 4.Nf3 Bg4 5.Be2 e6 6.Bf4 c5 7.Nc3 Nc6 8.dxc5 Bxc5
9.h3 Bf5 10.O-O h6 11.Bb5 Ne7 12.Bxc6+ Nxc6 13.Na4 Be7 14.Nd4 Nxd4 15.Qxd4
Bxc2 16.Rac1 Bg6 17.Nc5 Qb6 18.b4 O-O 19.Rfd1 Bxc5 20.bxc5 Qc6 21.Rb1 Bxb1
22.Rxb1 Rac8 23.Rc1 g5 24.Be3 b6 25.cxb6 Qxb6 26.Qxb6 axb6 27.Rxc8 Rxc8 
28.Bxb6 Rb8 29.Bd4 Ra8 30.g3 Rxa2 31.f4 gxf4 32.gxf4 Rd2 33.Bc3 Rd3 34.Be1
Rxh3 35.Kg2 Rb3 36.Bd2 Rb2 37.Kg3 Rxd2 38.Kg4 d4 39.f5 d3 40.fxe6 fxe6 41.
Kf3 Re2 42.Kg3 d2 43.Kf3 d1=Q 44.Kf4 Qd4+ 45.Kf3 Re3+ 46.Kg2 Qd2+ 47.Kf1 
Re1# 0-1

[Event "LJEM M-V 2023 u12"]
[Site "Fleether Mühle"]
[Date "2023.02.05"]
[Round "2.4"]
[White "Jaap, Leo"]
[Black "Wetzig, Karl Anton"]
[Result "1-0"]
[WhiteElo "790"]
[BlackElo "936"]
[Time "08:30:00"]
[WhiteTeam "Greifswalder SV"]
[BlackTeam "SF Schwerin"]

1.e4 e5 2.Nf3 Nc6 3.Bc4 Bc5 4.Nc3 Nf6 5.d3 d6 6.Be3 b6 7.Bb5 Bd7 8.O-O O-O
9.Ng5 h6 10.Nf3 Nh5 11.Nd5 a6 12.Bc4 Ne7 13.Nh4 Nxd5 14.Qxh5 Be8 15.Bxd5 
Kh7 16.Qf5+ g6 17.Qg4 Bd7 18.Qg3 c6 19.Bxf7 g5 20.Qf3 gxh4 21.Qh5 Be8 22.
Qxh6# 1-0

[Event "LJEM M-V 2023 u12"]
[Site "Fleether Mühle"]
[Date "2023.02.05"]
[Round "2.6"]
[White "Lange, Friedrich"]
[Black "Lott, Konstantin"]
[Result "1-0"]
[WhiteElo "883"]
[BlackElo "873"]
[Time "08:30:00"]
[WhiteTeam "TSG Neustrelitz"]
[BlackTeam "Think Rochade - SC HRO"]

1.d4 d5 2.Bf4 Nc6 3.e3 Bf5 4.Bd3 e6 5.Bxf5 exf5 6.Nf3 Nf6 7.O-O Bb4 8.c3 
Bd6 9.Bxd6 Qxd6 10.Qd3 g6 11.Nbd2 Ne4 12.Rac1 O-O-O 13.c4 Nb4 14.Qa3 Nc6 
15.c5 Qf6 16.b4 b5 17.Qa6+ Kd7 18.Ne5+ Ke8 19.Nxc6 Nxd2 20.Qxb5 Nxf1 21.
Nxd8+ Kxd8 22.Rxf1 a6 23.Qb8+ Kd7 24.Qb7 Rc8 25.Rc1 Qh8 26.c6+ Kd6 27.Qxa6
Ra8 28.Qe2 Rb8 29.a3 Ra8 30.Qa2 Ra4 31.Qb3 Qa8 32.b5 Rxa3 33.Qb4+ Ke6 34.
f3 Rxe3 35.b6 Re2 36.b7 Qa2 37.Re1 Rxe1+ 38.Qxe1+ Kd6 39.b8=Q Kxc6 40.
Qee8+ Kd6 41.Qbd8# 1-0

[Event "LJEM M-V 2023 u12"]
[Site "Fleether Mühle"]
[Date "2023.02.05"]
[Round "2.7"]
[White "Briese, Sophie"]
[Black "Stigge, Jakob"]
[Result "1-0"]
[WhiteElo "1050"]
[BlackElo "786"]
[Time "08:30:00"]
[WhiteTeam "SAV Torgelow-Drögeheide 90"]
[BlackTeam "SSC Rostock 07"]

1.e4 e5 2.Nf3 Nc6 3.Bc4 Bc5 4.c3 d6 5.d4 Bb6 6.O-O Bg4 7.d5 Nce7 8.h3 Bxf3
9.Qxf3 Nf6 10.Bg5 Ng6 11.Nd2 O-O 12.h4 Nf4 13.Qg3 h6 14.Bxh6 g6 15.Bxf8 
Qxf8 16.Qh2 Ng4 17.Qg3 Qc8 18.b4 a6 19.Qf3 Ba7 20.g3 Nh5 21.Kg2 b5 22.Bd3 
Kg7 23.Be2 Ngf6 24.Nb3 Bb6 25.Nc1 Ba7 26.Nd3 Bb6 27.g4 Nf4+ 28.Nxf4 exf4 
29.Qxf4 Qh8 30.g5 Nh5 31.Bxh5 Qxh5 32.Rh1 a5 33.Qf3 axb4 34.Qxh5 gxh5 35.
cxb4 Kg6 36.f4 Re8 37.Rae1 Bd4 38.f5+ Kg7 39.Rh3 Be5 40.Kf3 Ra8 41.Re2 
Ra3+ 42.Kg2 Ra4 43.Rb3 Ra7 44.a3 Ra4 45.Kh3 Bd4 46.Rg2 Be5 47.g6 f6 48.Rc2
Ra7 49.Rc6 Bf4 50.Rbc3 Kh6 51.Rxc7 Ra8 52.Rh7# 1-0

[Event "LJEM M-V 2023 u12"]
[Site "Fleether Mühle"]
[Date "2023.02.05"]
[Round "2.8"]
[White "Volkmann, Liliera"]
[Black "Schmechel, Arthur"]
[Result "0-1"]
[WhiteElo "844"]
[BlackElo "764"]
[Time "08:30:00"]
[WhiteTeam "TuS Makkabi Rostock"]
[BlackTeam "SG Güstrow/Teterow"]

1.d4 d5 2.Nf3 Nc6 3.Bf4 Nf6 4.e3 e6 5.c3 Bd6 6.g3 Ng4 7.Nbd2 e5 8.Bg5 f6 
9.dxe5 Ngxe5 10.Nxe5 Bxe5 11.Bf4 Bd7 12.Bxe5 Nxe5 13.Bd3 Bg4 14.f3 Nxf3+ 
15.Nxf3 Qe7 16.Qe2 Qf7 17.c4 Qh5 18.O-O Bh3 19.Rf2 Rd8 20.Rc1 Bg4 21.Rc3 
d4 22.exd4+ Kf8 23.d5 Re8 24.Qd1 Re3 25.Be2 Re4 26.c5 Bxf3 27.Bxf3 Qh3 28.
Bg2 Qg4 29.Bf3 Rd4 30.Qe1 Qd7 31.Qe3 Ra4 32.c6 bxc6 33.dxc6 Qe7 34.Qd3 
Qe1+ 35.Rf1 Qe6 36.Bd5 Qh3 37.Qe3 g6 38.Re1 Kg7 39.Qd2 Rd8 40.Rd3 Rxa2 41.
Re7+ Kf8 42.Rf7+ Kg8 43.Rxf6+ Rxd5 44.Rxd5 Ra1+ 45.Kf2 Qf1+ 46.Ke3 Qxf6 
47.Rd8+ Kg7 48.Ke2 Qf1+ 49.Ke3 Re1+ 50.Kd4 Rd1 51.Rd7+ Kf6 52.Kc3 Rxd2 53.
Rxd2 Qf3+ 54.Rd3 Qf1 55.b4 Qc1+ 56.Kd4 Qb2+ 57.Ke3 Qxb4 58.h3 Qc5+ 59.Kd2 
Qxc6 60.Rc3 Qg2+ 61.Kc1 Qxh3 62.Kb2 Qg2+ 63.Kb3 Qb7+ 64.Ka4 Qb2 65.Rc6+ 
Kg5 66.Rc5+ Kg4 67.Rb5 Qa2+ 68.Kb4 Qb2+ 69.Ka5 Qc3+ 0-1

[Event "LJEM M-V 2023 u12"]
[Site "Fleether Mühle"]
[Date "2023.02.05"]
[Round "2.9"]
[White "Hampe, Adrian"]
[Black "Isaiev, Andrii"]
[Result "0-1"]
[WhiteElo "763"]
[BlackElo "796"]
[Time "08:30:00"]
[WhiteTeam "Lok Gymnas Pritzwalk"]
[BlackTeam "TuS Makkabi Rostock"]

1.e4 e5 2.Nf3 Nc6 3.Bc4 Bc5 4.c3 d6 5.d4 Bb6 6.Bg5 Nge7 7.O-O O-O 8.Nh4 h6
9.Bxe7 Qxe7 10.Nf5 Qf6 11.Qg4 Bxf5 12.Qxf5 Qe7 13.d5 Na5 14.b3 Nxc4 15.
bxc4 g6 16.Qf3 Bc5 17.Nd2 a6 18.Rab1 Rab8 19.Rb3 Qg5 20.Qe2 b5 21.cxb5 
axb5 22.Rfb1 h5 23.c4 h4 24.Nf3 Qf4 25.g3 hxg3 26.hxg3 Qxg3+ 27.Kf1 Qh3+ 
28.Ke1 Ba7 29.Qf1 Qg4 30.Qg1 Qxe4+ 31.Re3 Bxe3 32.fxe3 Qxb1+ 33.Kf2 Qxg1+ 
34.Kxg1 bxc4 0-1

[Event "LJEM M-V 2023 u12"]
[Site "Fleether Mühle"]
[Date "2023.02.05"]
[Round "2.10"]
[White "Martinez, Gabriel"]
[Black "Ludwig, Theo Lennard"]
[Result "1-0"]
[WhiteElo "793"]
[BlackElo "746"]
[Time "08:30:00"]
[WhiteTeam "Think Rochade - SC HRO"]
[BlackTeam "SV Grün-Weiß 90 Anklam"]

1.e4 e5 2.Nf3 Nc6 3.Bb5 Bb4 4.Bxc6 dxc6 5.Nxe5 Qe7 6.Qh5 g6 7.Qf3 Qxe5 8.
c3 Bd6 9.d4 Qg7 10.O-O Nf6 11.e5 Bg4 12.Qe3 O-O 13.exd6 cxd6 14.Qg3 Qh8 
15.Qxd6 Bf5 16.Bg5 Ng4 17.h3 Rad8 18.Bxd8 Nh6 19.Bf6 Qxf6 20.Qxf6 Bd3 21.
Re1 Nf5 22.Re7 Nxe7 23.Qxe7 f5 24.Qxb7 Re8 25.Nd2 f4 26.Qxc6 Re2 27.Nf3 
Be4 28.Qe6+ Kg7 29.d5 Bd3 30.Qd7+ Kf8 31.Qxa7 Re7 32.Qc5 Bf5 33.Re1 Kg7 
34.Rxe7+ Kh6 35.d6 g5 36.Qxf5 Kh5 37.Rxh7# 1-0

[Event "LJEM M-V 2023 u12"]
[Site "Fleether Mühle"]
[Date "2023.02.05"]
[Round "3.1"]
[White "Schröder, Hannes Artur"]
[Black "Jaap, Leo"]
[Result "1-0"]
[WhiteElo "1290"]
[BlackElo "790"]
[EventDate "2023.??.??"]
[PlyCount "67"]
[WhiteTeam "SG Eintracht Neubrandenburg"]
[BlackTeam "Greifswalder SV"]

1.e4 e5 2.Nf3 Nc6 3.Bc4 Bc5 4.d3 d6 5.h3 Nf6 6.Bg5 h6 7.Bh4 Bd7 8.Nc3 Nd4 
9.Nd5 Rc8 10.Nxd4 Bxd4 11.c3 Bb6 12.Qf3 Rf8 13.Nxf6+ gxf6 14.Bxf6 Bc6 15.
Bxd8 Rxd8 16.O-O Bd7 17.Qf6 c6 18.Kh1 Rc8 19.Qxd6 Bc7 20.Qxh6 b5 21.Bb3 a5
22.a4 Ra8 23.axb5 cxb5 24.Bd5 Rd8 25.Bc6 Rg8 26.Bxd7+ Rxd7 27.Qc6 Rg6 28.
Qxb5 Kf8 29.Qxd7 Bb6 30.f4 Rg3 31.fxe5 Rg7 32.e6 Rh7 33.Rxf7+ Rxf7 34.
Qxf7# 1-0

[Event "LJEM M-V 2023 u12"]
[Site "Fleether Mühle"]
[Date "2023.02.05"]
[Round "3.2"]
[White "Wilke, Ronja"]
[Black "Gavrylyuk, Oleksandr"]
[Result "0-1"]
[WhiteElo "1193"]
[BlackElo "1226"]
[Time "14:30:00"]
[WhiteTeam "SAV Torgelow-Drögeheide 90"]
[BlackTeam "TuS Makkabi Rostock"]

1.e4 c5 2.Nf3 Nc6 3.c3 d5 4.exd5 Qxd5 5.d4 Nf6 6.Bb5 e6 7.c4 Qd8 8.Ne5 Bd7
9.O-O Nxd4 10.Nxd7 Nxd7 11.Bxd7+ Qxd7 12.Be3 Be7 13.Qg4 Bf6 14.Rd1 h5 15.
Qe4 Ne2+ 16.Kf1 Qxd1# 0-1

[Event "LJEM M-V 2023 u12"]
[Site "Fleether Mühle"]
[Date "2023.02.05"]
[Round "3.3"]
[White "Lange, Friedrich"]
[Black "Vakeel, Eshwar"]
[Result "0-1"]
[WhiteElo "883"]
[BlackElo "1291"]
[Time "14:30:00"]
[WhiteTeam "TSG Neustrelitz"]
[BlackTeam "SSC Rostock 07"]

1.d4 d5 2.Bf4 Nf6 3.e3 e6 4.Nf3 c5 5.Bb5+ Bd7 6.Qe2 Ne4 7.Bxd7+ Nxd7 8.Qb5
Qb6 9.Qxb6 Nxb6 10.dxc5 Bxc5 11.O-O O-O 12.Nbd2 Nxd2 13.Nxd2 Rad8 14.c3 
Nc4 15.Nxc4 dxc4 16.Rad1 Rd3 17.Rxd3 cxd3 18.Be5 f6 19.Bd4 Bxd4 20.exd4 e5
21.Rd1 e4 22.Kf1 f5 23.f3 a5 24.fxe4 fxe4+ 25.Ke1 b5 26.Kd2 Rf2+ 27.Ke3 
Re2+ 28.Kf4 g5+ 29.Kxg5 e3 30.Rxd3 Rxg2+ 31.Kf4 e2 32.Re3 Rxh2 33.Kf3 e1=Q
34.Rxe1 Rxb2 35.d5 Kf8 36.d6 Rd2 37.Re6 Rd1 38.Ke4 h5 39.Ke5 Kf7 40.Re7+ 
Kf8 41.Ke6 Re1+ 42.Kf6 Rxe7 43.dxe7+ Ke8 44.Kg5 Kxe7 45.Kxh5 Kd6 46.Kg5 
Kc5 47.Kf4 Kc4 48.Ke4 Kxc3 49.Kd5 b4 50.Kc5 a4 51.Kb5 b3 52.axb3 axb3 53.
Ka4 b2 54.Kb5 b1=Q+ 55.Kc5 Qb4+ 56.Kd5 Kd3 57.Kc6 Qa5 58.Kd6 Qb5 59.Ke6 
Qc5 60.Kf6 Qd5 61.Kg6 Qe5 62.Kh6 Qg3 63.Kh7 Ke4 64.Kh6 Kf5 65.Kh7 Kf6 66.
Kh8 Qg7# 0-1

[Event "LJEM M-V 2023 u12"]
[Site "Fleether Mühle"]
[Date "2023.02.05"]
[Round "3.4"]
[White "Schmechel, Arthur"]
[Black "Briese, Sophie"]
[Result "0-1"]
[WhiteElo "764"]
[BlackElo "1050"]
[Time "14:30:00"]
[WhiteTeam "SG Güstrow/Teterow"]
[BlackTeam "SAV Torgelow-Drögeheide 90"]

1.e4 e5 2.Nf3 Nc6 3.Bc4 Bc5 4.c3 Nf6 5.d4 exd4 6.cxd4 Bb6 7.Ng5 O-O 8.O-O 
d5 9.exd5 Nxd5 10.Qe1 Bxd4 11.Bd3 Nf6 12.Na3 h6 13.Nf3 Bg4 14.Nxd4 Nxd4 
15.Be3 Re8 16.Qc1 Be2 17.Re1 Bxd3 18.Rd1 Ne2+ 19.Kh1 Nxc1 20.Bxc1 Qe7 21.
Bd2 Qe4 22.Re1 Qc6 23.Rxe8+ Rxe8 24.h3 Bf5 25.Rc1 Qd5 26.Nc4 Bxh3 27.Ne3 
Rxe3 28.Rg1 Re5 29.Bc3 Rh5 30.Kh2 Bxg2+ 31.Kg3 Qg5# 0-1

[Event "LJEM M-V 2023 u12"]
[Site "Fleether Mühle"]
[Date "2023.02.05"]
[Round "3.5"]
[White "Wetzig, Karl Anton"]
[Black "Brandauer, Pia Marie"]
[Result "1-0"]
[WhiteElo "936"]
[BlackElo "880"]
[Time "14:30:00"]
[WhiteTeam "SF Schwerin"]
[BlackTeam "SAV Torgelow-Drögeheide 90"]

1.e4 e5 2.Nf3 Nc6 3.Bc4 Bc5 4.Nc3 d6 5.d3 Bg4 6.h3 Bxf3 7.Qxf3 Nf6 8.Bg5 
Qe7 9.O-O-O O-O-O 10.Nd5 Qe8 11.Nxf6 gxf6 12.Bxf6 Rd7 13.Bxh8 Qxh8 14.Bxf7
Nd4 15.Qh5 Qf8 16.c3 Rxf7 17.cxd4 exd4 18.f3 b6 19.Kb1 Qg8 20.Rd2 Bb4 21.
Rc2 Rg7 22.Rhc1 c5 23.a3 Rg5 24.Qh4 Ba5 25.b4 Qg6 26.g4 h5 27.Qg3 Qh6 28.
h4 Rg6 29.g5 Qh7 30.f4 Kb7 31.f5 Rg8 32.g6 Qh6 33.Qxd6 cxb4 34.Qd5+ Kb8 
35.Qxg8+ Kb7 36.Qc8# 1-0

[Event "LJEM M-V 2023 u12"]
[Site "Fleether Mühle"]
[Date "2023.02.05"]
[Round "3.6"]
[White "Isaiev, Andrii"]
[Black "Subocz, Barbara"]
[Result "1/2-1/2"]
[WhiteElo "796"]
[BlackElo "900"]
[Time "14:30:00"]
[WhiteTeam "TuS Makkabi Rostock"]
[BlackTeam "SAV Torgelow-Drögeheide 90"]

1.e4 c5 2.g3 d6 3.Bg2 Nf6 4.d3 g6 5.Nc3 Bg7 6.Nce2 O-O 7.Nf3 Nc6 8.c3 Rb8 
9.h3 b5 10.O-O a6 11.Rb1 Bd7 12.b4 Be6 13.a4 cxb4 14.cxb4 Nd7 15.axb5 axb5
16.d4 Ba2 17.Ra1 Bc4 18.Ra6 Nxb4 19.Ra3 Nf6 20.Nd2 Be6 21.d5 Bd7 22.Bb2 
Rb6 23.Qa1 Nc2 24.Ra8 Qxa8 25.Qxa8 Rxa8 26.Rc1 Nb4 27.Bc3 Nd3 28.Rb1 b4 
29.Bd4 Rb5 30.Bf1 e5 31.dxe6 fxe6 32.f3 e5 33.Be3 Be6 34.Nc1 Nxc1 35.Bxb5 
Na2 36.Ra1 Rb8 37.Bc4 Bxc4 38.Nxc4 b3 39.Bd2 b2 40.Rb1 d5 41.exd5 Nxd5 42.
Rxb2 Rxb2 43.Nxb2 Nc7 44.Nc4 Nd5 45.Kf2 Kf7 46.Nd6+ Ke6 47.Ne4 Nab4 48.
Ng5+ Ke7 49.Nxh7 Nd3+ 50.Ke2 N3b4 51.Ng5 Bf6 52.Ne4 Nc6 53.g4 Nd4+ 54.Kf2 
Ke6 55.Nc5+ Kf7 56.Kg3 Kg7 57.h4 Be7 58.Nd3 Bd6 59.Kh3 Nxf3 60.Bc1 Nf4+ 
61.Nxf4 exf4 62.Bb2+ Kf7 63.Bc1 Ng1+ 64.Kg2 Ne2 65.Bb2 1/2-1/2